[Event "EU-Cup 35th"]
[Site "Ulcinj"]
[Date "2019.11.15"]
[Round "6.21"]
[White "Duijn, Richard"]
[Black "Boel, Marcel"]
[Result "1/2-1/2"]
[WhiteElo "2220"]
[BlackElo "2218"]
[PlyCount "81"]
[EventDate "2019.11.10"]
[EventType "team-swiss"]
[EventRounds "7"]
[EventCountry "MNE"]
[SourceTitle "EXT 2021"]
[Source "ChessBase"]
[SourceDate "2020.10.23"]
[SourceVersion "1"]
[SourceVersionDate "2020.10.23"]
[SourceQuality "1"]
[WhiteTeam "Kennemer Combinatie"]
[BlackTeam "Apeldoorn MuConsult"]
[WhiteTeamCountry "NED"]
[BlackTeamCountry "NED"]

1. e4 e5 2. Nf3 Nc6 3. c3 d5 4. Qa4 f6 5. Bb5 Nge7 6. exd5 Qxd5 7. d4 exd4 8. cxd4 Bg4 9. Nc3 Qd7 10. Be3 Nd5 11. Nxd5 Qxd5 12. Rc1 Bd7 13. 0-0 Nb4 14. Bxd7+ Qxd7 15. Qb3 0-0-0 16. Nd2 Nd5 17. Nc4 Re8 18. Na5 Bb4 19. Rc5 Nxe3 20. Qxb4 b6 21. fxe3 Qe7 22. Rc4 Qxb4 23. Rxb4 bxa5 24. Rb3 Re6 25. Rc3 Rhe8 26. Kf2 Rb6 27. b3 a4 28. Rfc1 Re7 29. bxa4 Rb4 30. Ra3 Rb2+ 31. Kf3 Rd2 32. a5 a6 33. Rc6 Kb7 34. Rc5 Rd7 35. Rb3+ Ka7 36. a3 Ka8 37. Rc4 Re7 38. Rc5 Rd7 39. Rc6 Ka7 40. Re6 Rc2 41. Re8 1/2-1/2

[Event "EU-Cup 35th"]
[Site "Ulcinj"]
[Date "2019.11.13"]
[Round "4.14"]
[White "Boel, Marcel"]
[Black "Friedrich, Norbert"]
[Result "1/2-1/2"]
[WhiteElo "2218"]
[BlackElo "2263"]
[PlyCount "132"]
[EventDate "2019.11.10"]
[EventType "team-swiss"]
[EventRounds "7"]
[EventCountry "MNE"]
[SourceTitle "CBM 193 Extra"]
[Source "ChessBase"]
[SourceDate "2020.01.31"]
[SourceVersion "1"]
[SourceVersionDate "2020.01.31"]
[SourceQuality "1"]
[WhiteTeam "Apeldoorn MuConsult"]
[BlackTeam "Zuerich SG"]
[WhiteTeamCountry "NED"]
[BlackTeamCountry "SUI"]

1. e4 c5 2. Nf3 e6 3. d4 cxd4 4. Nxd4 Nf6 5. Bd3 Nc6 6. Nxc6 dxc6 7. 0-0 e5 8. Nd2 Bc5 9. h3 0-0 10. Qf3 Re8 11. Rd1 Nd7 12. Nf1 Qf6 13. Qxf6 Nxf6 14. Be3 Bxe3 15. Nxe3 Be6 16. a4 Kf8 17. f3 Red8 18. Bc4 Ke7 19. Kf2 g6 20. Ke1 Nh5 21. Bxe6 Kxe6 22. h4 f5 23. exf5+ gxf5 24. Kf2 f4 25. Nc4 Rd5 26. Rxd5 cxd5 27. Na5 Rc8 28. c3 Rc7 29. Re1 Nf6 30. Nb3 Kf5 31. a5 Rc4 32. Ra1 Nd7 33. Nd2 Rc7 34. g3 fxg3+ 35. Kxg3 Nc5 36. c4 d4 37. Ra3 e4 38. b4 e3 39. bxc5 exd2 40. Rd3 Ke5 41. Rxd2 Rxc5 42. Rb2 d3 43. Rxb7 Kd4 44. Kf2 Kc3 45. Rd7 d2 46. f4 Rc7 47. Rd8 Kc2 48. Ke3 Re7+ 49. Kf3 d1Q+ 50. Rxd1 Kxd1 51. f5 Kd2 52. Kf4 Kd3 53. f6 Re1 54. Kf5 Kxc4 55. f7 Kb5 56. h5 Kxa5 57. Kf6 Kb5 58. f8Q Rf1+ 59. Kg7 Rxf8 60. Kxf8 a5 61. h6 a4 62. Kg7 a3 63. Kxh7 a2 64. Kg8 a1Q 65. h7 Qg1+ 66. Kh8 Ka5 1/2-1/2

[Event "EU-Cup 34th"]
[Site "Porto Carras"]
[Date "2018.10.16"]
[Round "5.4"]
[White "Boel, Marcel"]
[Black "Petersen, Steen Brustrup"]
[Result "1-0"]
[WhiteElo "2241"]
[BlackElo "2131"]
[PlyCount "75"]
[EventDate "2018.10.12"]
[EventType "team-swiss"]
[EventRounds "7"]
[EventCountry "GRE"]
[SourceTitle "CBM 187"]
[Source "ChessBase"]
[SourceDate "2018.12.11"]
[SourceVersion "1"]
[SourceVersionDate "2018.12.11"]
[SourceQuality "1"]
[WhiteTeam "Apeldoorn MuConsult"]
[BlackTeam "Bronshoj"]
[WhiteTeamCountry "NED"]
[BlackTeamCountry "DEN"]

1. e4 e5 2. Nf3 Nc6 3. Bb5 a6 4. Ba4 Nf6 5. 0-0 Be7 6. Re1 b5 7. Bb3 d6 8. c3 0-0 9. h3 Bb7 10. d4 Re8 11. Nbd2 Bf8 12. a3 h6 13. Bc2 Nb8 14. b3 Nbd7 15. Bb2 c6 16. Nf1 Qc7 17. Ng3 Rad8 18. Qc1 g6 19. Bd3 c5 20. d5 c4 21. bxc4 bxc4 22. Bc2 Nb6 23. a4 a5 24. Rb1 Ba6 25. Ba3 Rb8 26. Qe3 Nfd7 27. Nh2 Kh7 28. Bc1 Nc5 29. Ng4 Qe7 30. Nxh6 Nbxa4 31. Ngf5 Rxb1 32. Bxb1 Qb7 33. Qg3 Be7 34. Nxf7 gxf5 35. exf5 Rg8 36. Qf3 Kg7 37. Qh5 Bf8 38. Qg6# 1-0

[Event "Vlissingen HZ op 21st"]
[Site "Vlissingen"]
[Date "2017.08.10"]
[Round "7"]
[White "Lammens, Tim"]
[Black "Boel, Marcel"]
[Result "0-1"]
[WhiteElo "2304"]
[BlackElo "2212"]
[PlyCount "68"]
[EventDate "2017.08.05"]
[EventType "swiss"]
[EventRounds "9"]
[EventCountry "NED"]
[SourceTitle "CBM 179 Extra"]
[Source "ChessBase"]
[SourceDate "2017.08.23"]
[SourceVersion "1"]
[SourceVersionDate "2017.08.23"]
[SourceQuality "1"]

1. c4 e5 2. Nc3 Bb4 3. Qc2 Nf6 4. Nf3 d6 5. e3 0-0 6. a3 Bxc3 7. Qxc3 Qe7 8. b3 a5 9. Bb2 Nbd7 10. Be2 Ne4 11. Qc2 f5 12. d4 Ng5 13. dxe5 Nxf3+ 14. gxf3 dxe5 15. Rg1 Ra6 16. f4 Rh6 17. Rg2 b6 18. 0-0-0 Bb7 19. f3 Rg6 20. Rdg1 exf4 21. Rxg6 Qxe3+ 22. Kb1 hxg6 23. Rxg6 Rf7 24. Qd1 Nf8 25. Rg5 Ne6 26. Rg6 Nf8 27. Rg2 Rd7 28. Qc2 Bxf3 29. Bxf3 Qxf3 30. Ka2 Qe4 31. Qf2 a4 32. Qg1 axb3+ 33. Ka1 Ne6 34. Rg6 f3 0-1

[Event "Vlissingen HZ op 21st"]
[Site "Vlissingen"]
[Date "2017.08.06"]
[Round "3"]
[White "Lai, Hing Ting"]
[Black "Boel, Marcel"]
[Result "1-0"]
[WhiteElo "2388"]
[BlackElo "2212"]
[PlyCount "51"]
[EventDate "2017.08.05"]
[EventType "swiss"]
[EventRounds "9"]
[EventCountry "NED"]
[SourceTitle "CBM 179 Extra"]
[Source "ChessBase"]
[SourceDate "2017.08.23"]
[SourceVersion "1"]
[SourceVersionDate "2017.08.23"]
[SourceQuality "1"]

1. c4 Nf6 2. Nc3 e5 3. Nf3 Nc6 4. g3 d5 5. cxd5 Nxd5 6. Bg2 Nb6 7. 0-0 Be7 8. a3 0-0 9. d3 g5 10. b4 g4 11. Nd2 a6 12. Nc4 Be6 13. Bxc6 bxc6 14. Nxe5 Bf6 15. d4 Nc4 16. Nxc4 Bxc4 17. Be3 Re8 18. Qd2 h5 19. Rfd1 Qe7 20. Bf4 Rad8 21. Qe3 Qf8 22. Be5 Qg7 23. Qf4 Bxe5 24. dxe5 Bd5 25. Rac1 Rc8 26. Nxd5 1-0

[Event "EU-Cup 29th"]
[Site "Rhodes"]
[Date "2013.10.21"]
[Round "2.4"]
[White "Boel, Marcel"]
[Black "Kniest, Oliver"]
[Result "0-1"]
[WhiteElo "2231"]
[BlackElo "2305"]
[PlyCount "112"]
[EventDate "2013.10.20"]
[EventType "team-swiss"]
[EventRounds "7"]
[EventCountry "GRE"]
[SourceTitle "CBM 157"]
[Source "ChessBase"]
[SourceDate "2013.11.12"]
[SourceVersion "1"]
[SourceVersionDate "2013.11.12"]
[SourceQuality "1"]
[WhiteTeam "Apeldoorn"]
[BlackTeam "Solingen"]
[WhiteTeamCountry "NED"]
[BlackTeamCountry "GER"]

1. Nf3 Nf6 2. d4 e6 3. c4 b6 4. Nc3 Bb4 5. e3 Bb7 6. Be2 0-0 7. a3 Bxc3+ 8. bxc3 Ne4 9. Qc2 f5 10. 0-0 d6 11. Ne1 Qh4 12. f3 Ng5 13. Nd3 Rf6 14. g3 Nh3+ 15. Kg2 Qh5 16. Nf2 Rh6 17. Rh1 g5 18. d5 Nd7 19. e4 Nxf2 20. Kxf2 fxe4 21. fxe4 Rf6+ 22. Ke1 Qg6 23. Ra2 Re8 24. Be3 exd5 25. Bd4 Rfe6 26. Kd1 Qxe4 27. Qxe4 dxe4 28. Bg4 R6e7 29. Be3 h6 30. h4 Nf6 31. Be2 g4 32. Rf1 Nh5 33. Bxg4 Ng7 34. Bxh6 Ba6 35. Be2 Rf7 36. Rxf7 Kxf7 37. Bf4 Kf6 38. Bg5+ Ke5 39. Bf4+ Kf6 40. Bg5+ Kg6 41. g4 Rh8 42. a4 Ne6 43. a5 Bc8 44. axb6 axb6 45. Ra8 Nxg5 46. hxg5 Kxg5 47. Kd2 Kf4 48. Ra1 Bxg4 49. Bxg4 Kxg4 50. Rf1 Rh3 51. Rf7 Rd3+ 52. Kc2 c5 53. Rb7 Kf3 54. Rxb6 Ke2 55. Rb1 Rd2+ 56. Kb3 Rd1 0-1

[Event "EU-Cup 29th"]
[Site "Rhodes"]
[Date "2013.10.20"]
[Round "1.4"]
[White "Sjugirov, Sanan"]
[Black "Boel, Marcel"]
[Result "1-0"]
[WhiteElo "2635"]
[BlackElo "2231"]
[PlyCount "119"]
[EventDate "2013.10.20"]
[EventType "team-swiss"]
[EventRounds "7"]
[EventCountry "GRE"]
[SourceTitle "CBM 157"]
[Source "ChessBase"]
[SourceDate "2013.11.12"]
[SourceVersion "1"]
[SourceVersionDate "2013.11.12"]
[SourceQuality "1"]
[WhiteTeam "Rostov"]
[BlackTeam "Apeldoorn"]
[WhiteTeamCountry "RUS"]
[BlackTeamCountry "NED"]

1. d4 Nf6 2. c4 e6 3. g3 d5 4. Nf3 Be7 5. Bg2 0-0 6. 0-0 dxc4 7. Qc2 a6 8. a4 Bd7 9. Rd1 Bc6 10. Nc3 Bxf3 11. Bxf3 Nc6 12. Bxc6 bxc6 13. Bg5 Rb8 14. e3 Qe8 15. Bxf6 Bxf6 16. Ne4 Rb4 17. Rac1 Be7 18. Qe2 c5 19. a5 Qb5 20. d5 e5 21. Rc2 f5 22. Nd2 c3 23. Qxb5 Rxb5 24. bxc3 Bd6 25. Nc4 Rfb8 26. Rcc1 Rb3 27. e4 g6 28. Kg2 Re8 29. Re1 Kf7 30. Re3 f4 31. Ree1 Kf6 32. h4 fxg3 33. Kxg3 Rb5 34. h5 gxh5 35. Rh1 Rg8+ 36. Kf3 Rg5 37. Rh3 Kg6 38. Ke2 Rb8 39. Rch1 Rb5 40. Kd3 Rb8 41. Nd2 Rf8 42. Nf3 Rg4 43. Nh4+ Kg5 44. f3 Rxh4 45. Rxh4 Rxf3+ 46. Kc4 Rf4 47. Rxh5+ Kg6 48. Rh6+ Kg5 49. R1h5+ Kg4 50. Rh4+ Kg3 51. Rh3+ Kf2 52. Kd3 c4+ 53. Kxc4 Rxe4+ 54. Kd3 Ra4 55. Rf6+ Kg2 56. Rxh7 e4+ 57. Ke2 Ra2+ 58. Ke3 Rc2 59. Rg7+ Bg3 60. Rc6 1-0

[Event "Dieren op"]
[Site "Dieren"]
[Date "2008.07.31"]
[Round "9"]
[White "Boel, Marcel"]
[Black "Theulings, Paul Peter"]
[Result "0-1"]
[WhiteElo "2184"]
[BlackElo "2148"]
[PlyCount "76"]
[EventDate "2008.07.22"]
[EventType "swiss"]
[EventRounds "9"]
[EventCountry "NED"]
[SourceTitle "CBM 125 Extra"]
[Source "ChessBase"]
[SourceDate "2008.09.01"]
[SourceVersion "1"]
[SourceVersionDate "2008.09.01"]
[SourceQuality "1"]

1. e4 Nf6 2. e5 Nd5 3. d4 d6 4. Nf3 Nc6 5. c4 Nb6 6. e6 fxe6 7. Nc3 e5 8. d5 Nd4 9. Nxd4 exd4 10. Qxd4 e5 11. Qd1 Bf5 12. Be3 Be7 13. Bd3 0-0 14. Bxf5 Rxf5 15. Qd3 Qd7 16. 0-0 Raf8 17. Ne4 R5f7 18. b4 Qg4 19. c5 Nc8 20. f3 Qg6 21. Kh1 Rf5 22. Ng3 Rxf3 23. Qxg6 Rxf1+ 24. Rxf1 Rxf1+ 25. Nxf1 hxg6 26. Nd2 Kf7 27. Ne4 a6 28. Kg1 c6 29. dxc6 bxc6 30. cxd6 Nxd6 31. Nc5 Nf5 32. Nd3 e4 33. Ne5+ Ke6 34. Nxc6 Nxe3 35. Nb8 Bxb4 36. Nxa6 Bd6 37. h3 Nd5 38. Kf2 Ke5 0-1

[Event "Dieren op"]
[Site "Dieren"]
[Date "2008.07.25"]
[Round "4"]
[White "Roggeveen, Wouter"]
[Black "Boel, Marcel"]
[Result "1/2-1/2"]
[WhiteElo "2009"]
[BlackElo "2184"]
[PlyCount "48"]
[EventDate "2008.07.22"]
[EventType "swiss"]
[EventRounds "9"]
[EventCountry "NED"]
[SourceTitle "CBM 125 Extra"]
[Source "ChessBase"]
[SourceDate "2008.09.01"]
[SourceVersion "1"]
[SourceVersionDate "2008.09.01"]
[SourceQuality "1"]

1. e4 c5 2. Nf3 d6 3. d4 cxd4 4. Nxd4 Nf6 5. Nc3 a6 6. Be2 e5 7. Nb3 Be7 8. g4 h6 9. f4 exf4 10. Bxf4 Nc6 11. h3 Be6 12. Qd2 Ne5 13. Nd4 Qa5 14. Nf5 Bxf5 15. exf5 Rc8 16. 0-0-0 Rc5 17. Be3 Rxc3 18. Qxc3 Qxa2 19. Qa3 Qxa3 20. bxa3 0-0 21. g5 Ne4 22. f6 gxf6 23. gxf6 Bxf6 24. Bxh6 Rc8 1/2-1/2

[Event "Dieren op"]
[Site "Dieren"]
[Date "2003.07.24"]
[Round "3"]
[White "Jonkman, Harmen"]
[Black "Boel, Marcel"]
[Result "1-0"]
[WhiteElo "2424"]
[BlackElo "2192"]
[PlyCount "55"]
[EventDate "2003.07.22"]
[EventType "swiss"]
[EventRounds "9"]
[EventCountry "NED"]
[SourceTitle "CBM 095 Extra"]
[Source "ChessBase"]
[SourceDate "2003.09.04"]
[SourceVersion "1"]
[SourceVersionDate "2003.09.04"]
[SourceQuality "1"]

1. e4 c5 2. c3 Nf6 3. e5 Nd5 4. Nf3 Nc6 5. d4 cxd4 6. Bc4 Nb6 7. Bb3 d5 8. exd6 Qxd6 9. 0-0 Be6 10. Bxe6 Qxe6 11. Nxd4 Qd5 12. Nxc6 Qxc6 13. Nd2 e6 14. Qg4 h5 15. Qh3 Be7 16. Re1 Rd8 17. Nf3 Qd5 18. Be3 Na4 19. Bxa7 Nxb2 20. Re5 Qd3 21. Bd4 Ra8 22. Rxh5 Rxh5 23. Qxh5 Rxa2 24. Re1 Nc4 25. Qb5+ Kf8 26. Qxb7 Nd6 27. Qb8+ Ne8 28. Ne5 1-0